|
|
|
|
| LEADER |
00862nam a22002297a 4500 |
| 001 |
43576 |
| 003 |
BD-DhAAL |
| 008 |
241020t2002 ii ||||| |||| 00| 0 eng d |
| 020 |
|
|
|a 8185733430
|
| 040 |
|
|
|a BD-DhAAL
|c BD-DhAAL
|
| 082 |
|
|
|a 428.0071
|
| 100 |
|
|
|a Yadav, R.N.S.
|9 56995
|
| 245 |
|
|
|a Teaching of English /
|c R.N.S. Yadav.
|
| 260 |
|
|
|a Delhi, India :
|b Abhishek Publications,
|c 2002.
|
| 300 |
|
|
|a vi, 414 pages ;
|c 22 cm
|
| 541 |
|
|
|a Savar Campus Library
|e 43576
|
| 650 |
|
|
|a English language
|x Study and teaching.
|
| 650 |
|
|
|a English philology
|x Study and teaching.
|9 56996
|
| 852 |
|
|
|a Ayesha Abed Library
|
| 942 |
|
|
|2 ddc
|c BK
|
| 999 |
|
|
|c 47031
|d 47031
|
| 952 |
|
|
|0 0
|1 0
|2 ddc
|4 0
|6 428_007100000000000_YAD
|7 0
|9 76706
|a SCL
|b SCL
|c GEN
|d 2024-10-20
|e Savar Campus Library
|g 1135.00
|l 0
|o 428.0071 YAD
|p 3020043576
|r 2024-10-20
|t 1
|w 2024-10-20
|y BK
|x Savar Campus Library ; Rs. 795.00
|